Los magos
Salvato in:
| Autore principale: | |
|---|---|
| Natura: | Libro |
| Lingua: | spagnolo |
| Pubblicazione: |
Buenos Aires
Jacobo Muchnik
1957
|
| Soggetti: | |
| Tags: |
Aggiungi Tag
Nessun Tag, puoi essere il primo ad aggiungerne!!
|
MARC
| LEADER | 00000nam a2200000 a 4500 | ||
|---|---|---|---|
| 001 | UCZ7814 | ||
| 003 | CL-VaPUC | ||
| 008 | 960112e19570000AG |||||||||||||||||spa|d | ||
| 082 | 0 | 4 | |a 823 |b PRI |2 21 |
| 100 | 0 | |a Priestley, John Boynton |e author |9 352800 | |
| 245 | 1 | 4 | |a Los magos |
| 300 | |a 220 p | ||
| 942 | |c BK | ||
| 945 | |d 19960112 00:00:00 |a rleighto | ||
| 260 | |a Buenos Aires |b Jacobo Muchnik |c 1957 | ||
| 650 | 0 | |a Novelas inglesas |9 265220 | |
| 583 | |a last modification |c 19960112 00:00:00 |k Rodrigo Vera | ||
| 999 | |c 243812 |d 243810 | ||
| 952 | |0 0 |1 0 |4 0 |6 823_000000000000000_PRI_1957 |7 0 |8 A |9 257634 |a BIBEDU |b BIBEDU |d 2019-11-19 |i 3169502 |o 823 PRI 1957 |p 3169502 |r 2019-11-19 |w 2019-11-19 |y BK |k LIT | ||